Normale Ansicht MARC-Ansicht ISBD

Eugen Gerstenmaier im Dritten Reich (Titelsatznr. 56997)

[ MARC ]
MARC-Details
000 -Satzkennung
Kontrollfeld mit fester Länge 00939nam a2200301 c 4500
001 - Kontrollnummer
Kontrollfeld BV042655410
003 - Kontrollnummer Identifier
Kontrollfeld DE-604
005 - Datum und Zeit der letzten Transaktion
Kontrollfeld 20220406153920.0
007 - Feld mit fester Länge zur physischen Beschreibung - Allgemeine Information
Kontrollfeld mit fester Länge t
008 - Feld mit fester Länge zur physischen Beschreibung - Allgemeine Angaben
Kontrollfeld mit fester Länge 150629s1965 |||| 00||| und d
035 ## - Systemkontrollnummer
System-Kontrollnummer (DE-599)BVBBV042655410
040 ## - Katalogisierungsquelle
Original-Katalogisierungsstelle DE-604
Katalogisierungssprache ger
Übertragungsstelle RU-10907106
041 ## - Sprachcode
Sprachcode des Textes/der Tonspur oder des separaten Titels ger
245 10 - Titel
Titel Eugen Gerstenmaier im Dritten Reich
Zusatz zum Titel eine Dokumentation
264 #1 - Produktion, Veröffentlichung, Distribution, Herstellung und Urheberrechtsvermerk
Herstellungs-, Veröffentlichungs- Vertriebs-, Erzeugungsort Stuttgart
Produzent, Herausgeber, Distributor, Hersteller Ev. Verlagswerk
Datum der Herstellung, der Veröffentlichung, des Vertriebs oder des Urheberschutzvermerks 1965
300 ## - Physische Beschreibung
Umfang 62 Seiten
336 ## - Inhaltstyp
Inhaltstypterm Text
Inhaltstypcode txt
Quelle rdacontent
337 ## - Medientyp
Bezeichnung des Medientyps ohne Hilfsmittel zu benutzen
Medientypcode n
Quelle rdamedia
338 ## - Datenträgertyp
Datenträgertypbezeichnung Band
Datenträgertypcode nc
Quelle rdacarrier
600 ## - Nebeneintragung unter einem Schlagwort - Personenname
Personenname Gerstenmaier, Eugen
Koha-Normdatenidentnummer 5173
650 #7 - Nebeneintragung unter einem Schlagwort - Sachschlagwort
Quelle der Ansetzung oder des Terms gnd
Sachschlagwort oder geografischer Name als Eintragungselement Nationalsozialismus
650 #7 - Nebeneintragung unter einem Schlagwort - Sachschlagwort
Quelle der Ansetzung oder des Terms gnd
Sachschlagwort oder geografischer Name als Eintragungselement Nationalsozialismus / Widerstand
Koha-Normdatenidentnummer 1713
650 #7 - Nebeneintragung unter einem Schlagwort - Sachschlagwort
Quelle der Ansetzung oder des Terms gnd
Sachschlagwort oder geografischer Name als Eintragungselement Politische Einstellung
Koha-Normdatenidentnummer 5174
650 #7 - Nebeneintragung unter einem Schlagwort - Sachschlagwort
Quelle der Ansetzung oder des Terms gnd
Sachschlagwort oder geografischer Name als Eintragungselement Verleumdung
Koha-Normdatenidentnummer 5175
651 #7 - Nebeneintragung unter einem Schlagwort - Geografischer Name
Quelle der Ansetzung oder des Terms gnd
Geografischer Name Deutschland
Koha-Normdatenidentnummer 80
700 1# - Nebeneintragung - Personenname
Funktionsbezeichnungscode edt
Personenname Schlabrendorff, Fabian von
Funktionsbezeichnung Herausgeber
Koha-Normdatenidentnummer 5176
942 ## - Zusätzliche Felder (Koha)
Klassifikation oder Aufstellungssystematik Andere/Generische Klassifikation
Koha-Medientyp Monographien
Exemplare
Ausgeschieden Verloren Klassifikation oder Aufstellungssystematik Beschädigt Nicht entleihbar Heimatbibliothek Aufenthaltsbibliothek Aufstellungsort Erwerbungsdatum Inventarnummer Signatur Barcode Letzte Aktivität Preis gültig von Koha-Medientyp
    Andere/Generische Klassifikation     MWN Osteuropa MWN Osteuropa Lesesaal - 1 12/07/2021 21-01373 D 52 el Schla 2 E00401082D37169D 12/07/2021 12/07/2021 Monographien